000 00228nam a22000977a 4500
040 _cAIC
082 _aAIC MAR 1995 C227 Or.
245 _aHANDBOOK OF TROPICAL LEGUME CULTIVATION.
260 _aphnom penh
_brua
_c1995
942 _cEK
999 _c21349
_d21349